[Event "EU-ch U18"]
[Site "Batumi"]
[Date "2010.09.28"]
[Round "9"]
[White "Huseyn, Orkhan Samir Oglu"]
[Black "Pipia, Beka"]
[Result "1-0"]
[WhiteElo "2115"]
[BlackElo "1993"]
[PlyCount "35"]
[EventDate "2010.09.20"]
[EventType "swiss"]
[EventRounds "9"]
[EventCountry "GEO"]
[SourceTitle "CBM 138 Extra"]
[Source "ChessBase"]
[SourceDate "2010.10.29"]
[SourceVersion "1"]
[SourceVersionDate "2010.10.29"]
[SourceQuality "1"]

1. e4 d6 2. d4 Nf6 3. Nc3 e5 4. Nf3 Nbd7 5. Bc4 Be7 6. 0-0 0-0 7. Qe2 c6 8. a4 a5 9. dxe5 Nxe5 10. Nxe5 dxe5 11. Be3 Qc7 12. Rad1 Ng4 13. Bc1 Qb6 14. h3 Nf6 15. Rd3 Ne8 16. Rfd1 Nc7 17. Qh5 Bf6 18. Qxf7+ 1-0

[Event "EU-ch U18"]
[Site "Batumi"]
[Date "2010.09.26"]
[Round "7"]
[White "Valsecchi, Alessio"]
[Black "Pipia, Beka"]
[Result "1-0"]
[WhiteElo "2331"]
[BlackElo "1993"]
[PlyCount "39"]
[EventDate "2010.09.20"]
[EventType "swiss"]
[EventRounds "9"]
[EventCountry "GEO"]
[SourceTitle "CBM 138 Extra"]
[Source "ChessBase"]
[SourceDate "2010.10.29"]
[SourceVersion "1"]
[SourceVersionDate "2010.10.29"]
[SourceQuality "1"]

1. e4 e5 2. Nf3 d6 3. d4 Nf6 4. dxe5 Nxe4 5. Qd5 Nc5 6. Bg5 Qd7 7. exd6 Bxd6 8. Nc3 0-0 9. 0-0-0 a6 10. Be3 Qc6 11. Qh5 Ne6 12. Bd3 g6 13. Qh6 f5 14. h4 Rf7 15. h5 g5 16. Nxg5 Bf8 17. Nxf7 Bxh6 18. Nxh6+ Kf8 19. Bxf5 Bd7 20. Be4 1-0

[Event "EU-ch U18"]
[Site "Batumi"]
[Date "2010.09.21"]
[Round "2"]
[White "Demac, Elias"]
[Black "Pipia, Beka"]
[Result "1-0"]
[WhiteElo "2226"]
[BlackElo "1993"]
[PlyCount "91"]
[EventDate "2010.09.20"]
[EventType "swiss"]
[EventRounds "9"]
[EventCountry "GEO"]
[SourceTitle "CBM 138 Extra"]
[Source "ChessBase"]
[SourceDate "2010.10.29"]
[SourceVersion "1"]
[SourceVersionDate "2010.10.29"]
[SourceQuality "1"]

1. d4 d6 2. c4 e5 3. d5 f5 4. e4 Nf6 5. Nc3 g6 6. exf5 Bxf5 7. Nge2 Bg7 8. Ng3 0-0 9. Bd3 e4 10. Be2 Nbd7 11. 0-0 Nc5 12. Bg5 h6 13. Bxf6 Qxf6 14. Ncxe4 Qh4 15. f3 Nd7 16. Qd2 Be5 17. Bd3 Bf4 18. Qe2 Ne5 19. Rad1 Bxe4 20. Bxe4 Bxg3 21. hxg3 Qxg3 22. Qf2 Qxf2+ 23. Rxf2 g5 24. Rc1 Rf7 25. c5 Raf8 26. cxd6 cxd6 27. Rfc2 Kg7 28. b4 h5 29. Rc7 Kf6 30. Rxf7+ Rxf7 31. Rc8 h4 32. a4 Re7 33. a5 a6 34. Kf2 g4 35. Rh8 h3 36. gxh3 gxf3 37. Rh6+ Kg5 38. Rxd6 Kf4 39. Bb1 Nd7 40. Re6 Rf7 41. Re3 Rg7 42. Re4+ Kg5 43. Rg4+ Kf6 44. Rxg7 Kxg7 45. Kxf3 Kf6 46. Ke4 1-0

[Event "EU-ch U18"]
[Site "Batumi"]
[Date "2010.09.20"]
[Round "1"]
[White "Pipia, Beka"]
[Black "Kolosowski, Mateusz"]
[Result "0-1"]
[WhiteElo "1993"]
[BlackElo "2342"]
[PlyCount "82"]
[EventDate "2010.09.20"]
[EventType "swiss"]
[EventRounds "9"]
[EventCountry "GEO"]
[SourceTitle "CBM 138 Extra"]
[Source "ChessBase"]
[SourceDate "2010.10.29"]
[SourceVersion "1"]
[SourceVersionDate "2010.10.29"]
[SourceQuality "1"]

1. Nf3 Nf6 2. d4 g6 3. c4 Bg7 4. Nc3 d5 5. cxd5 Nxd5 6. Qa4+ Nc6 7. Ne5 Bxe5 8. dxe5 Nxc3 9. bxc3 Qd5 10. Bf4 Be6 11. e4 Qc5 12. Rc1 a6 13. Be3 Qxe5 14. f4 Qa5 15. Qxa5 Nxa5 16. c4 0-0-0 17. Be2 f5 18. e5 Rd7 19. Rc3 Rhd8 20. Kf2 Nc6 21. Rb1 Nd4 22. Bf1 c5 23. g3 Rc7 24. Bg2 Bd7 25. Bxd4 cxd4 26. Rcb3 b5 27. cxb5 Bxb5 28. a4 Bxa4 29. Rb8+ Kd7 30. Rxd8+ Kxd8 31. Rb4 Rc2+ 32. Kg1 Bb5 33. Rxd4+ Kc7 34. Bd5 a5 35. Bg8 a4 36. Bxh7 a3 37. Bg8 a2 38. Bxa2 Rxa2 39. h3 Bc6 40. Rd3 Rg2+ 41. Kf1 Rh2 0-1

[Event "Poti Aleksandria Cup 5th"]
[Site "Poti"]
[Date "2010.07.11"]
[Round "1"]
[White "Pipia, Beka"]
[Black "Lomsadze, David"]
[Result "0-1"]
[WhiteElo "1961"]
[BlackElo "2364"]
[PlyCount "61"]
[EventDate "2010.07.11"]
[EventType "swiss"]
[EventRounds "9"]
[EventCountry "GEO"]
[SourceTitle "CBM 137 Extra"]
[Source "ChessBase"]
[SourceDate "2010.09.01"]
[SourceVersion "1"]
[SourceVersionDate "2010.09.01"]
[SourceQuality "1"]

1. d4 g6 2. Nf3 Bg7 3. c4 c5 4. d5 e5 5. Nc3 d6 6. e4 Ne7 7. Be2 0-0 8. 0-0 h6 9. Ne1 f5 10. f3 Nd7 11. Nc2 Nf6 12. b4 cxb4 13. Na4 Bd7 14. Nb2 fxe4 15. Be3 Nf5 16. Bf2 exf3 17. Bxf3 a5 18. Rb1 h5 19. Re1 Qc7 20. h3 Rac8 21. g4 hxg4 22. hxg4 Ne7 23. c5 e4 24. Be2 g5 25. Nc4 Nexd5 26. Nxd6 Nf4 27. Bc4+ Kh7 28. Rb3 Nxg4 29. Nxe4 Nxf2 30. Kxf2 Kg6 31. Nd4 0-1